000 00716nam a2200229 a 4500
001 000009025
003 DO-SdBNP
005 20260302080342.0
008 090923s1977 dr 000 p spa d
040 _aDO-SdBNP
_bspa
_cBNPHU
082 _aRD861.3
_bA414d, 1977
100 1 _aAlix, Juan Antonio,
_d1833-1918
_911349
245 1 0 _aDécimas políticas /
_cJuan Antonio Alix.
260 _aSanto Domingo :
_bEditora de Santo Domingo,
_c1977.
300 _a141 p ;
_c22 cm.
590 _aInventariado, 2018/VM
650 4 _aPoesía dominicana
_966
650 4 _aLiteratura dominicana.
_967
650 0 _aFolclore
_zRepública Dominicana
_933448
910 _aValidado. Control de calidad MMOLINA
942 _2ddc
_cLBS1
999 _c8789
_d8789